[Event "Piacenza Region-ch"]
[Site "Piacenza"]
[Date "2024.01.26"]
[Round "1"]
[White "De Simone, Alessandro"]
[Black "Palladino, Mario"]
[Result "1-0"]
[WhiteElo "1427"]
[BlackElo "999"]
[PlyCount "51"]
[EventDate "2024.01.26"]
[EventType "swiss"]
[EventRounds "5"]
[EventCountry "ITA"]
[SourceTitle "CB06_2024"]
[SourceDate "2024.02.07"]
[SourceVersion "1"]
[SourceVersionDate "2024.02.07"]
[SourceQuality "1"]

1. d4 Nf6 2. c4 g6 3. Nc3 d5 4. cxd5 Nxd5 5. e4 Nxc3 6. bxc3 Bg7 7. Nf3 c5 8. h3 Qa5 9. Bd2 Nc6 10. Be2 0-0 11. 0-0 e6 12. Re1 Qc7 13. Be3 Rd8 14. Qd2 b6 15. Rad1 cxd4 16. cxd4 Bb7 17. Bb5 Rd7 18. Bf4 e5 19. Bxc6 Bxc6 20. Nxe5 Re7 21. Nxg6 Qd7 22. Nxe7+ Qxe7 23. Bh6 Bf6 24. Qf4 Rd8 25. Qg4+ Kh8 26. e5 1-0